000
00308nam a2200121Ia 4500
005
20251223131554.0
008
251219s9999 xx 000 0 und d
041
_a
eng
100
_a
Osterwalder and others
_9
216053
245
_a
Value Proposition design
260
_b
Wiley
_c
2014
300
_a
290
_b
Paper Back
999
_c
369588
_d
369588